Countries that Produce the Most Cherry - Statistics

General Stats
  • This quiz has been taken 745 times
  • The average score is 10 of 15
Answer Stats
Production Country % Correct
252,519 United States
97%
90,085 Spain
92%
116,593 Italy
91%
51,291 France
90%
72,111 Russia
85%
67,854 Germany
83%
340,835 Turkey
76%
39,737 Poland
75%
53,761 Greece
71%
65,739 Ukraine
65%
225,735 Iran
58%
76,603 Romania
53%
51,720 Chile
33%
54,891 Syria
26%
47,170 Uzbekistan
14%
No matching quizzes found
Score Distribution
Percent of People with Each Score
Percentile by Number Answered
Your Score History
You have not taken this quiz